New Zealand Rugby All Blacks - Most Losses as Captain - Statistics

General Stats
  • This quiz has been taken 72 times
    17 since last reset
  • The average score is 4 of 6
Answer Stats
Losses Player % Correct
11 Richard McCaw
100%
11 Sean Fitzpatrick
88%
7 Kieran Read
81%
9 Taine Randell
69%
5 Wilson Whineray
31%
4 Graham Mourie
25%
No matching quizzes found
Score Distribution
Percent of People with Each Score
Percentile by Number Answered
Your Score History
You have not taken this quiz since the last reset